Southville International School and Colleges
Your cart is empty.
  • Cart
  • Lists
    Public lists Eva Luna New books Lux_list list_1
    Your lists Log in to create your own lists
  • Log in to your account
  • Your cookies
  • Search history
Southville International School and Colleges
  • Advanced search
  • Recent comments
  • Most popular
  • Libraries

Log in to your account

Log in with GOOGLE


If you do not have an external account, but do have a local account, you can still log in:

  1. Home
  2. MARC view: Interior design visual presentation
Normal view MARC view ISBD view

Interior design visual presentation (Record no. 367029)

[ view plain ]
MARC details
000 -LEADER
fixed length control field 00761nam a22002177a 4500
003 - CONTROL NUMBER IDENTIFIER
control field 0
005 - DATE AND TIME OF LATEST TRANSACTION
control field 20250120160938.0
008 - FIXED-LENGTH DATA ELEMENTS--GENERAL INFORMATION
fixed length control field 250120b xxu||||| |||| 00| 0 eng d
020 ## - INTERNATIONAL STANDARD BOOK NUMBER
International Standard Book Number 978-1-394-17356-3
050 ## - LIBRARY OF CONGRESS CALL NUMBER
Classification number NK 2113.5
Item number .M68 2024
100 ## - MAIN ENTRY--PERSONAL NAME
Personal name Mitton, Maureen
245 ## - TITLE STATEMENT
Title Interior design visual presentation
Statement of responsibility, etc Maureen Mitton
260 ## - PUBLICATION, DISTRIBUTION, ETC. (IMPRINT)
Place of publication, distribution, etc New Jersey
Name of publisher, distributor, etc John Wiley & Sons
Date of publication, distribution, etc 2024
300 ## - PHYSICAL DESCRIPTION
Extent ix, 334 pages :
Other physical details illustrations ;
Dimensions 23cm.
504 ## - BIBLIOGRAPHY, ETC. NOTE
Bibliography, etc Includes bibliographical references and index.
650 ## - SUBJECT ADDED ENTRY--TOPICAL TERM
Topical term or geographic name as entry element Interior design—Visual presentation.
650 ## - SUBJECT ADDED ENTRY--TOPICAL TERM
Topical term or geographic name as entry element Architectural rendering—Techniques.
650 ## - SUBJECT ADDED ENTRY--TOPICAL TERM
Topical term or geographic name as entry element Computer-aided design (CAD) for interior designers.
650 ## - SUBJECT ADDED ENTRY--TOPICAL TERM
Topical term or geographic name as entry element Interior decoration—Presentation methods.
942 ## - ADDED ENTRY ELEMENTS (KOHA)
Source of classification or shelving scheme Library of Congress Classification
Koha item type Books
Holdings
Withdrawn status Lost status Source of classification or shelving scheme Damaged status Home library Current library Shelving location Date acquired Source of acquisition Sub Shelving location Total Checkouts Full call number Barcode Date last seen Price effective from Koha item type
    Library of Congress Classification   College Library College Library Reserve Section 01/20/2025 Library Fund     NK 2113.5 .M68 2024 C24167 01/20/2025 01/20/2025 Books

Interior design visual presentation

APA

Mitton M., . (2024). Interior design visual presentation. New Jersey: John Wiley & Sons.

Chicago

Mitton Maureen, . 2024. Interior design visual presentation. New Jersey: John Wiley & Sons.

Harvard

Mitton M., . (2024). Interior design visual presentation. New Jersey: John Wiley & Sons.

MLA

Mitton Maureen, . Interior design visual presentation. New Jersey: John Wiley & Sons. 2024.

  • Place hold
  • Print
  • Cite
  • Add to your cart (remove)
  • Save record
    BIBTEX Dublin Core MARCXML MARC (non-Unicode/MARC-8) MARC (Unicode/UTF-8) MARC (Unicode/UTF-8, Standard) MODS (XML) RIS
  • More searches
    Search for this title in:
    Other Libraries (WorldCat) Other Databases (Google Scholar) Online Stores (Bookfinder.com) Open Library (openlibrary.org)

Exporting to Dublin Core...

SOUTHVILLE LIBRARY

Southville International School and Colleges Library

1281 Tropical Ave. Cor. Luxembourg St., BF Homes International, Las Pinas City

Tel. No. 8256374 / 252358 Loc. 117/146

Powered by Koha